| 000 | 00733nam a2200193 a 4500 | ||
|---|---|---|---|
| 008 | 120416s2003 ||||||||||||||||| || u | ||
| 050 | _aIBRD(06)DD/2003/3 | ||
| 100 | _aRuster, Jeff | ||
| 245 | 1 | 0 | _aSlum upgrading and participation: lessons from Latin America |
| 260 |
_aWashington, D.C. _bWorld Bank _c2003 |
||
| 350 | _a0.00 | ||
| 490 | _aDirections in development | ||
| 650 | _aCOMMUNITY DEVELOPMENT, URBAN--LATIN AMERICA | ||
| 650 | _aURBAN POOR--HOUSING--LATIN AMERICA | ||
| 650 | _aSLUMS--LATIN AMERICA | ||
| 700 | _aImparato, Ivo | ||
| 710 | _aWorld Bank | ||
| 995 |
_D0.00 _FCBU-MAIN LIBRARY (Kitwe) _H1 _I0.00 _M1 _UAVAILABLE _WNov 30, 2007 _ZInternational Publications |
||
| 999 |
_c57555 _d57555 |
||